Aprovechamiento de desperdicios Industriales para concreto de baja resistencia

Presenta análisis de resistencia de dosificaciones de concreto con desperdicios industriales será realizado con el fin de proporcionar alternativas o descartar materiales que no son capaces de aportar resistencia a la mezcla de concreto para elementos no estructurales. La principal razón de utili...

Full description

Bibliographic Details
Main Author: Corea Meza, Omar Alejandro
Other Authors: Tutor: Ugarte Solís, Armando
Format: Tesis Section = Libro
Language:Undetermined
Spanish
Published: Managua UNI-IES 2015
Subjects:
LEADER 01250nam a2200241Ia 4500
008 240830s9999 xx 000 0 und d
040 |a BIBLIOTECA-RUPAP Mon 363.7285 C797 
041 |a spa 
082 |a Mon 363.7285 C797 
100 1 |a Corea Meza, Omar Alejandro 
245 1 0 |a Aprovechamiento de desperdicios Industriales para concreto de baja resistencia 
260 |a Managua  |b UNI-IES  |c 2015 
300 |a 127 p. :il. 
500 |a Contiene: anexos. 
502 |a Tesis (Ingeniero Civil)- UNI, 2015. 
520 3 |a Presenta análisis de resistencia de dosificaciones de concreto con desperdicios industriales será realizado con el fin de proporcionar alternativas o descartar materiales que no son capaces de aportar resistencia a la mezcla de concreto para elementos no estructurales. La principal razón de utilizar material de desperdicio es para evaluar si se puede aprovechar en otros elementos más útiles y se elimina del ambiente una fuente de contaminación. 
650 7 |a MANEJO DE RESIDUOS SOLIDOS-NICARAGUA 
650 7 |b INDUSTRIA DE LA CONSTRUCCION-DISPOSICIONES DE RESIDUOS 
650 7 |c DESPERDICIOS INDUSTRIALES-APROVECHAMIENTO 
700 1 |a Tutor:  |b Ugarte Solís, Armando 
942 |c BK  |2 ddc 
991 |a TESIS 
999 |c 15583